000 01619nam a2200229 a 4500
001 BRCA_8723
005 20190320210359.0
008 140217s1778----sp-#######---#000-0#spa-#
041 _aspa
044 _asp
084 _aBE67
_b.A56 1778
245 1 0 _aAño christiano, o exercicios devotos para todos los días del año
_bcontiene la explicación del misterio ò la vida del Santo correspondiente à cada día; algunas Reflexiones sobre la Epístola; una Meditación después del Evangelio de la Misa, y algunos Exercicios prácticas de devoción, ò Propósitos adaptables à todo género de personas.
260 _aMadrid
_bEn la Imprenta de D. Antonio de Sancha, en la Aduana Vieja
_c1778
300 _a[6], 658 p.
_c21.5 x 15.5 cm
500 _aCon marca de fuego: “Procedencia de la marca: Convento de San Francisco de Querétaro(1). Institución: Orden de Frailes Menores. Provincia de San Pedro y San Pablo de Michoacán. Descripción: Monograma: Letras iniciales S[an] F[rancisco] D[e] Q[uerétar]o. Observaciones: David Saavedra la asigna a la Academia de Dibujo de San Fernando de Querétaro; Carlos Krausse al Colegio de Propaganda Fide de San Fernando de México. Ubicación de la marca en el libro: Canto superior, inferior y frontal”
500 _aEstado físico: presenta lomo desprendido y cintas rotas
505 0 _aContenido: fielmente traducido del francés al castellano
650 1 4 _aIglesia católica
_915525
856 _ahttp://www.marcasdefuego.buap.mx:8180/xmLibris/projects/firebrand/item.jsp?repository=marcas_de_fuego&key=6faee58a.xml&num=15
902 _aCFM
942 _2lcc
_cB
999 _c8375
_d8375